000 00354 a2200157 4500
001 181694
020 _a
040 _cMagnum
100 _aTrigo, Elisabete Chaddad
240 1 0 _aViver e aprender/ciencias 1
_lpor
245 1 0 _aViver e aprender/ciencias 1
362 0 _a1899
440 1 _aSaraiva
697 _aMAGNITO: PARADIDATICOS
942 _cBK
999 _c181694
_d181694